Financiamiento de la formación de recursos humanos para la investigación

Sábháilte in:
Sonraí bibleagrafaíochta
Príomhchruthaitheoirí: Lavados Montes, Iván (Údar), Sunkel, Osvaldo (Údar), González Fiegehen, Luis Eduardo (Údar)
Formáid: LEABHAR
Teanga:Spáinnis
Foilsithe / Cruthaithe: Santiago CPU 1991
Ábhair:
Clibeanna: Cuir clib leis
Níl clibeanna ann, Bí ar an gcéad duine le clib a chur leis an taifead seo!

MARC

LEADER 00000nam a2200000 a 4500
001 UCY0868
003 CL-VaPUC
008 940816e19910000CL |||||||||||||||||spa|d
082 0 4 |a 378.072  |b LAV  |2 21 
100 |a Lavados Montes, Iván  |e author  |9 761237 
700 0 |a Sunkel, Osvaldo  |e author  |9 328716 
700 |a González Fiegehen, Luis Eduardo  |e author  |9 741274 
245 1 0 |a Financiamiento de la formación de recursos humanos para la investigación 
300 |a 66 p 
942 |c BK 
945 |d 19940816 00:00:00  |a rbrito 
260 |a Santiago  |b CPU  |c 1991 
650 0 |a Educación superior   |9 223851 
650 0 |a Investigación científica  |9 259857 
650 0 |a Administración financiera  |9 261146 
651 0 |a América Latina   |9 255027 
583 |a last modification  |c 20141114 01:57:28  |k Rodrigo Vera 
999 |c 229760  |d 229758 
952 |0 0  |1 0  |4 0  |6 378_072000000000000_LAV_1991  |7 0  |8 P  |9 231296  |a BIBEDU  |b BIBEDU  |c BIBEDU_PB  |d 2019-11-15  |i 3001652  |o 378.072 LAV 1991  |p 3001652  |r 2024-01-25  |w 2019-11-15  |y BK  |k EDU 
952 |0 0  |1 0  |4 0  |6 378_072000000000000_LAV_1991  |7 0  |8 P  |9 231297  |a BIBEDU  |b BIBEDU  |c BIBEDU_PB  |d 2019-11-15  |i 3216349  |o 378.072 LAV 1991  |p 3216349  |r 2024-01-25  |w 2019-11-15  |y BK  |k EDU 
952 |0 0  |1 0  |4 0  |6 378_072000000000000_LAV_1991  |7 0  |8 A  |9 231299  |a BIBHIS  |b BIBHIS  |d 2019-11-15  |i 1360000  |o 378.072 LAV 1991  |p 1360000  |r 2025-01-20  |w 2019-11-15  |y BK  |k HIS